000 00613nam a2200229 a 4500
001 BRCA_6990
005 20190320205653.0
008 171208s1863----fr-a######---#000-0#fre-u
041 _afre
044 _afr
050 4 _aF1226
_b.Ch48 3
_c1863
100 1 _aChevalier, Michel
_d1806-1879
_98218
245 1 0 _aLe Mexique
_bAncien et Moderne
_cpar Michel Chevalier.
260 _aParís
_bL. Hachette
_c1863
300 _a622 p.
_c18 cm.
500 _aIncluye tabla de materias
500 _aEjemplar igual a B107 y CG6
500 _aO7
651 4 _aMéxico
_xHistoria
_9614
902 _aGFM
942 _2lcc
_cB
999 _c6671
_d6671